| 000 | 00387pab a2200157 454500 | ||
|---|---|---|---|
| 008 | 180718b1996 xxu||||| |||| 00| 0 eng d | ||
| 100 | _aMathias, T.A. | ||
| 245 | _aEducation for the new millenium | ||
| 260 | _c1996 | ||
| 300 | _ap.137-46 | ||
| 362 | _aJul | ||
| 650 | _aEducation, Higher - India | ||
| 650 | _aEducation | ||
| 773 | _aManagement and Labour Studies | ||
| 909 | _a31982 | ||
| 999 |
_c31982 _d31982 |
||